| 000 | 00388nam a2200169Ia 4500 | ||
|---|---|---|---|
| 008 | 210210b1952 xxu||||| |||| 00| 0 eng d | ||
| 041 | _aeng | ||
| 082 | _a829/82 | ||
| 100 | _aBORDEAUX (H) | ||
| 245 | _aPathway to heaven | ||
| 260 |
_aLondon _bVictor Gollancz Ltd., _c1952 |
||
| 650 | _ato | ||
| 650 | _aPathway | ||
| 650 | _aheaven | ||
| 690 | _aEnglish Fiction | ||
| 906 | _a016692 | ||
| 999 |
_c136357 _d136357 |
||